Bytový dom

Saved in:
Bibliographic Details
Main Author: Hudák, Dominik (Author)
Other Authors: Orosi, Pavol (Thesis advisor)
Format: Manuscript Book
Language:Slovak
Published: 2018
Subjects:
Online Access:http://is.stuba.sk/zp/portal_zp.pl?podrobnosti=139150
https://opac.crzp.sk/?fn=detailBiblioForm&sid=D8F77B52B2130B9EFE4011C07BB0
Tags: Add Tag
No Tags, Be the first to tag this record!

MARC

LEADER 00000ntm a22000003a 4500
001 stuzp69703
003 SK-STU
005 20230621112112.0
007 ta
008 150427s2015----xo-----f-mn---000-0-slo-d
040 |a STU  |b slo 
041 0 |a slo 
100 1 |a Hudák, Dominik  |u 010270  |4 aut  |U SvF Stavebná fakulta  |T SvF Katedra technológie stavieb  |X 75873  |U V270  |Y 28  |7 75873 
242 0 1 |a Flat house  |y eng 
245 1 0 |a Bytový dom 
260 |c 2018 
650 4 |a extenzívna zelená strecha  |2 slo 
650 4 |a Technologický predpis  |2 slo 
650 4 |a systém Urbanscape  |2 slo 
650 4 |a Bytový dom  |2 slo 
650 4 |a extensive green roof  |2 eng 
650 4 |a system Urbanscape  |2 eng 
650 4 |a Technological Regulation  |2 eng 
650 4 |a Flat house  |2 eng 
700 1 |a Orosi, Pavol  |u 010270  |k Z8  |4 ths  |U SvF Stavebná fakulta  |T SvF Katedra technológie stavieb  |X 51660  |U V270  |Y 28  |7 A000051660 
856 4 |u http://is.stuba.sk/zp/portal_zp.pl?podrobnosti=139150 
856 4 |u https://opac.crzp.sk/?fn=detailBiblioForm&sid=D8F77B52B2130B9EFE4011C07BB0